Arbres Fruitiers - Statistiques

Statistiques générales
  • Ce quiz a été pris 742 fois
  • Le résultat moyen est 8 sur 15
Statistiques - réponses
Hint Réponse % Correct
Pomme Pommier
100%
Cerise Cerisier
99%
Poire Poirier
99%
Abricot Abricotier
98%
Figue Figuier
98%
Amande Amandier
93%
Noix Noyer
67%
Amélanche Amélanchier
35%
Coing Cognassier
35%
Faîne Hêtre
15%
Cynorrhodon Églantier
9%
Kiwi Actinidia Chinensis
6%
Pignon Pin Parasol
6%
Cerise de la Barbade Acérola
3%
Citron vert Limettier
3%
Aucun quiz correspondant
Distribution des résultats
% des personnes avec chaque résultat
Percentile par nombre de réponses
Votre historique - résultats
Vous n’avez pas pris ce quiz